Crisis of Dalit Leadership: (Record no. 183582)

MARC details
000 -LEADER
fixed length control field 00529nam a22001817a 4500
005 - DATE AND TIME OF LATEST TRANSACTION
control field 20211229111752.0
010 ## - LCCN (DPL NO)
LC control number ENG-130734
020 ## - INTERNATIONAL STANDARD BOOK NUMBER
International Standard Book Number 978-81-316-1152-4
Terms of availability 1295.00
035 ## - SYSTEM CONTROL NUMBER
System control number EN-114266
037 ## - SOURCE OF ACQUISITION
Source of stock number/acquisition DBAD
082 ## - DEWEY DECIMAL CLASSIFICATION NUMBER
Classification number 305.56880954
100 ## - MAIN ENTRY--PERSONAL NAME
Personal name Lal, Shyam
245 ## - TITLE STATEMENT
Title Crisis of Dalit Leadership:
Statement of responsibility, etc Shyam lal
260 ## - PUBLICATION, DISTRIBUTION, ETC. (IMPRINT)
Place of publication, distribution, etc New Delhi
Name of publisher, distributor, etc Rawat Publications
Date of publication, distribution, etc 2021
270 ## - ADDRESS
Address 4858/24, Ansari Road, Daryaganj
City New Delhi
Postal code 110002
300 ## - PHYSICAL DESCRIPTION
Extent 226p
Dimensions 24cm(hbk)
942 ## - ADDED ENTRY ELEMENTS (KOHA)
Source of classification or shelving scheme Dewey Decimal Classification
Item type English Books
Classification part 305.56880954
Call number suffix LAL
Holdings
Withdrawn status Lost status Not for loan Collection code Home library Current library Date acquired Source of acquisition Cost, normal purchase price Full call number Barcode Copy number Cost, replacement price Koha item type
      Non-fiction Patel Nagar Patel Nagar 29/12/2021 DBAD/PUB 1295.00 305.56880954 LAL EN-114266 1 1295.00 English Books

© Delhi Public Library
Hit Counter
free hit counter